Normal view
MARC view
Entry Personal Name
001 - CONTROL NUMBER
- control field: 12736
003 - CONTROL NUMBER IDENTIFIER
- control field: ARRUPE
005 - DATE AND TIME OF LATEST TRANSACTION
- control field: 20141119163152.0
008 - FIXED-LENGTH DATA ELEMENTS
- fixed length control field: 141119|| aca||aabn | a|a d
040 ## - CATALOGING SOURCE
- Original cataloging agency: ARRUPE
- Transcribing agency: ARRUPE
100 ## - HEADING--PERSONAL NAME
- Personal name: Flaubert, Gustave
670 ## - SOURCE DATA FOUND
- Source citation: Work cat.: (ARRUPE): Flaubert, Gustave, Salambo /, 1940